Más allá del humor : cuentos /

Guardado en:
Autor Principal: Christensen, Guido.
Formato: Libro
Idioma:Undetermined
Publicado: Bahía Blanca : EdiUns, 2013.
Edición:1a. ed.
Series:Extensión
Materias:
Etiquetas: Agregar Etiqueta
Sin Etiquetas, Sea el primero en etiquetar este registro!
LEADER 00473nam a22001695a 4500
001 DER.der015042
008 241004s2013####ag############000#0#und#d
005 20241004130917.0
245 1 0 |a Más allá del humor :  |b cuentos /  |c Guido Christensen. 
250 |a 1a. ed. 
260 |a Bahía Blanca :  |b EdiUns,  |c 2013. 
300 |a 188 p. 
490 1 |a Extensión 
020 |a 9789871907427 
100 1 |a Christensen, Guido. 
650 7 |a CUENTOS 
859 |a DERECHO  |b BIB. DERECHO  |h 863  |i CHR  |p 0010502